| 000 | 00904cab a2200253 4500 | ||
|---|---|---|---|
| 001 | ABS43107 | ||
| 008 | 090401t1990 xxu||||| |||| 00| 0 eng d | ||
| 035 | _a(Sirsi) u40461 | ||
| 041 | _aeng | ||
| 100 | _aManson, K. | ||
| 245 | _aHow the courts interpret a surveyor`s responsibilities | ||
| 260 | _c1990 | ||
| 350 | _a0 | ||
| 490 |
_aClerk of Works _v108(1287) July 1990, 16(1) |
||
| 520 | _aRefers to three cases Smith v Bush (40850), Ely v King and Chasemore (39394), and Roberts v J Hampson & Co (39394). These interpret professional liability of surveyors with regard to house surveys . | ||
| 650 | _aBUILT ENVIRONMENT-BUILDING PATHOLOGY-INFESTATION (FUNGAL)-FUNGI-DRY ROT | ||
| 650 | _aNEGLIGENCE | ||
| 650 | _aRISING DAMP | ||
| 650 | _aSURVEYS | ||
| 650 |
_aValuation _96273 |
||
| 690 | _aMANAGEMENT-BUSINESS MANAGEMENT-PROFESSIONAL PRACTICE | ||
| 942 | _n0 | ||
| 948 | _c04/03/1997 | ||
| 999 |
_c25930 _d25930 |
||